[Event "Steyr Landesliga 1314"]
[Site "Austria"]
[Date "2014.03.01"]
[Round "8.6"]
[White "Pojer, Hannes"]
[Black "Friessnig, Joachim"]
[Result "1-0"]
[WhiteElo "2057"]
[BlackElo "1944"]
[PlyCount "61"]
[EventDate "2013.09.28"]
[EventType "team-tourn"]
[EventRounds "11"]
[EventCountry "AUT"]
[SourceTitle "EXT 2015"]
[Source "ChessBase"]
[SourceDate "2014.11.20"]
[SourceVersion "1"]
[SourceVersionDate "2014.11.20"]
[SourceQuality "1"]
[WhiteTeam "Trofaiach Niklasdorf"]
[BlackTeam "Fuerstenfeld"]
[WhiteTeamCountry "AUT"]
[BlackTeamCountry "AUT"]

1. d4 d5 2. c4 e5 3. e3 exd4 4. exd4 Bb4+ 5. Nc3 Bxc3+ 6. bxc3 Nf6 7. Bd3 0-0 8. Ne2 h6 9. 0-0 Nbd7 10. cxd5 Nxd5 11. c4 N5f6 12. Nc3 c6 13. Ba3 Re8 14. Re1 Qa5 15. Qb3 Qg5 16. Rxe8+ Nxe8 17. Re1 Ndf6 18. Qb4 c5 19. Qxc5 Qxc5 20. Bxc5 b6 21. Ba3 Bd7 22. Re7 Rd8 23. d5 Rc8 24. h3 g6 25. Ne2 Rc7 26. Nd4 Rc8 27. Nf3 Rc7 28. d6 Rc6 29. Ne5 Rxd6 30. Bxd6 Nxd6 31. Nxd7 1-0